Mégapoles - Mort subite sur une carte - Statistiques

Statistiques générales
  • Ce quiz a été pris 38 483 fois
  • Le résultat moyen est 9 sur 18
Answers on the Grid
Answers color-coded by a green-red scale on the quiz's grid according to % correct below.
 
Statistiques - réponses
Réponse % Correct
Paris, Istanbul
92%
New York City
86%
Los Angeles
82%
Tokyo, Shanghai, Pékin et d'autres
80%
Bangkok, Bombay, Dacca et d'autres
69%
São Paulo, Rio de Janeiro
63%
Delhi, Lahore
62%
Le Caire, Téhéran
53%
Londres
48%
Lagos
48%
Lima
39%
Guangzhou, Manille
39%
Mexico
38%
Moscou
37%
Bogotá
29%
Buenos Aires
27%
Kinshasa, Johannesburg, Luanda
25%
Jakarta
11%
Aucun quiz correspondant
Distribution des résultats
% des personnes avec chaque résultat
Percentile par nombre de réponses
Votre historique - résultats
Vous n’avez pas pris ce quiz